| 000 | 00466nam a2200193Ia 4500 | ||
|---|---|---|---|
| 005 | 20240823050650.0 | ||
| 008 | 240823s9999||||xx |||||||||||||| ||und|| | ||
| 020 | _a978-0-19-973076-6 | ||
| 041 | _aENGLISH | ||
| 082 | _A780.9 Q1 | ||
| 100 | _aThomas Forrest Kelly | ||
| 245 | 0 | _aEarly Music : A Very Short Introduction | |
| 250 | _a1st | ||
| 260 |
_c2011 _bOxford University |
||
| 500 | _aYES | ||
| 650 |
_aMusic _bGeneral |
||
| 942 | _cBK | ||
| 999 |
_c217777 _d217777 |
||